Mystery TV Show Lyrics Quiz Stats

 Plays Quiz not verified by Sporcle

Score 0/188 Timer 08:00
0 Plays Today
Answer % Correct
The
100%
the
100%
The
100%
the
100%
the
100%
The
100%
the
100%
The
100%
the
100%
a
96.3%
a
96.3%
a
96.3%
a
96.3%
a
96.3%
a
96.3%
a
96.3%
I
96.3%
a
96.3%
a
96.3%
a
96.3%
I
96.3%
a
96.3%
and
88.9%
and
88.9%
and
88.9%
and
88.9%
and
88.9%
and
88.9%
and
88.9%
you
85.2%
you
85.2%
be
81.5%
me
77.8%
We
77.8%
to
77.8%
in
77.8%
to
77.8%
to
77.8%
o'
77.8%
to
77.8%
we
77.8%
to
77.8%
me
77.8%
to
77.8%
we
77.8%
in
77.8%
to
77.8%
me
77.8%
to
77.8%
o'
77.8%
your
70.4%
your
70.4%
for
70.4%
for
70.4%
your
70.4%
of
66.7%
If
66.7%
on
66.7%
of
66.7%
all
63%
What
63%
as
63%
it's
63%
Answer % Correct
it's
63%
what
63%
What
63%
no
63%
when
63%
way
59.3%
way
59.3%
not
55.6%
day
55.6%
day
55.6%
day.
55.6%
that
55.6%
day.
55.6%
can't
51.9%
think
51.9%
can't
51.9%
think
51.9%
but
48.1%
time
48.1%
time
48.1%
time
48.1%
at
44.4%
like
44.4%
better
44.4%
our
44.4%
up
44.4%
our
44.4%
at
44.4%
at
44.4%
better
44.4%
down
40.7%
get
40.7%
don't
40.7%
by
40.7%
have
40.7%
get
40.7%
don't
40.7%
down
40.7%
take
37%
oh
37%
take
37%
Come
37%
take
37%
Well
33.3%
now
33.3%
You'll
33.3%
We'll
33.3%
or
33.3%
we'll
33.3%
or
33.3%
meet
29.6%
may
29.6%
away.
29.6%
place
29.6%
away.
29.6%
his
29.6%
meet
29.6%
great
25.9%
fishin'
22.2%
Fishin'
22.2%
Hole.
22.2%
Fishin'
22.2%
Hole.
22.2%
Answer % Correct
pass
22.2%
Fishin'
22.2%
Hole.
22.2%
fishin'
22.2%
Fishin'
22.2%
Hole,
22.2%
pass
22.2%
pole
18.5%
bite
18.5%
fine
18.5%
fine
18.5%
need
18.5%
call
18.5%
Old
18.5%
pole
18.5%
rush
14.8%
feel
14.8%
Whether
14.8%
hot
14.8%
whether
14.8%
cool
14.8%
spot
14.8%
whistlin'
14.8%
fool
14.8%
stroll
14.8%
Dog
14.8%
hook
14.8%
cool
14.8%
pull
14.8%
maybe
14.8%
set
14.8%
Hangin'
14.8%
around
14.8%
rest
11.1%
bones
11.1%
mighty
11.1%
skippin'
11.1%
stones
11.1%
fresh
11.1%
lemonade
11.1%
a-settin'
11.1%
shade.
11.1%
wander
11.1%
roll
11.1%
There'll
11.1%
Trey
11.1%
doodle
11.1%
perch
11.1%
bass
11.1%
toes
11.1%
dewy
11.1%
grass,
11.1%
else
11.1%
weed
11.1%
chaw,
11.1%
jaw.
11.1%
takin'
11.1%
ease
11.1%
watchin'
11.1%
hound
7.4%
a-scratchin'
7.4%
fleas.
7.4%

You're not logged in!

Compare scores with friends on all Sporcle quizzes.
OR
Log In

Sporcle TV

Today on Sporcle TV


Watch our educational content, quiz creation guides, and fun videos on Sporcle TV.

Show Comments

Extras

Created Aug 1, 2016ReportNominate
Tags:Show Quiz, Mystery, note

Top Quizzes Today


Score Distribution

Your Account Isn't Verified!

In order to create a playlist on Sporcle, you need to verify the email address you used during registration. Go to your Sporcle Settings to finish the process.

Report this User

Report this user for behavior that violates our Community Guidelines.

Details: